000 00746nam a22002297a 4500
999 _c5397
_d5397
001 16134
003 BD-DhUAP
005 20201210112750.0
008 201209r20101993ii a|||| |||| 001 0 eng d
020 _a8121926084
040 _aBD-DhUAP
_bEng
_cBD-DhUAP
_dBD-DhUAP
082 _223
_a660.6 DUB
100 _aDubey, R. C.
245 _aA textbook of biotechnology :
_b[for university and college students in India & abroad] /
_cR. C. Dubey.
250 _a1st rev. ed.
260 _aNew Delhi :
_bS. Chand & Co. Ltd.,
_cc2006 [Reprinted 2010].
300 _axvi, 702 pages :
_billustrations ;
_c25 cm.
504 _aIncludes bibliographical references and index.
650 _aBiotechnology.
650 _aBioengineering.
942 _2ddc
_cBK